000 00823nam a2200241Ia 4500
003 CO-ViMGA
008 302016 2016 ck aog s sp spa spa
020 _a 9789588912561
040 _aCO-ViMGA
_bspa
_cCO-ViMGA
082 0 4 _a781.6309861
_bT12c
100 1 _aTafur, Pilar
_912200
245 1 0 _a100 años de vallenato /
_cPilar Tafur, Daniel Samper Pizano
250 _a Primera edición
260 _aBogotá :
_b Aguilar,
_c2016
300 _a226 páginas
_bilustraciones y fotografías a color y blanco y negro
_e6 CDS
500 _a En carátula Nueva edición con ñapa
505 _a107 cantos
650 1 4 _a Compositores vallenatos
_912203
650 1 4 _aMúsica popular
_yColombia
_912201
650 1 4 _aMúsica vallenata
_xHistoria y crítica
_912202
700 1 _aSamper Pizano, Daniel
_d 1945-
_912204
942 _2ddc
_cBK
999 _c36990
_d36990